Το ελληνικό πρόβλημα

Αποθηκεύτηκε σε:
Λεπτομέρειες βιβλιογραφικής εγγραφής
Κύριος συγγραφέας: Χριστόπουλος, Κωνσταντίνος Π.
Μορφή: Βιβλίο
Γλώσσα:Greek
Δημοσίευση: Αθήναι : 1946
Θέματα:
Ετικέτες: Προσθήκη ετικέτας
Δεν υπάρχουν, Καταχωρήστε ετικέτα πρώτοι!

MARC

LEADER 00000cam a2200000 i 4500
001 1/3884
008 000523s1946 gre d
035 |l 10060958 
040 |a GR-MY-UA  |b gre  |e aacr 
041 0 |a gre 
082 0 |a 938.774 
100 1 |a Χριστόπουλος, Κωνσταντίνος Π. 
245 1 3 |a Το ελληνικό πρόβλημα /  |c Κωνστ. Π. Χριστόπουλου 
260 |a Αθήναι :   |c 1946 
300 |a 92 σ. 
650 0 0 |a Communism  |z Greece  |x History. 
650 0 0 |a Communist parties  |z Greece  |x History. 
651 0 |a Greece  |x History  |y 20th century. 
651 0 |a Greece  |x Politics and government  |y 20th century. 
852 |a INST  |b LESVOS  |e 20000523  |h 938.774 ΧΡΙ  |p 005100023942  |q 005100023942  |t BK  |y 0 
901 |a BIBL1-2000-2 
909 |a Λ  |b 072444 
970 |z 2000/05/ΔΕΜΕΝΑΓΑΣ (ELIDOC)